| 000 | 01192cab a2200253 4500 | ||
|---|---|---|---|
| 001 | ABS67782 | ||
| 008 | 040407n2004 000 0 eng u | ||
| 035 | _a(Sirsi) u125783 | ||
| 100 | _aO'Keefe, J. | ||
| 245 | _aWhat is waste? | ||
| 260 | _c2004 | ||
| 490 |
_aWastes Management _vMarch 2004 42(1) |
||
| 520 | _aDiscusses two cases from the European Court of Justice which have made significant contributions to waste law. "Walle" (C-1/03) raised the issue of whether contaminated land is waste once that land could no longer be used for its intended purpose. "Saetti and Frediani" (C-235/02) considered whether an industrial by-product could escape the definition of waste. View the "Saetti and Frediani" decision at www.eur-lex.europa.eu. | ||
| 590 | _aABS | ||
| 650 | _aCONTAMINATED LAND | ||
| 650 | _aWASTE PRODUCT | ||
| 650 | _aINDUSTRIAL WASTE | ||
| 650 | _aWALLE CASE | ||
| 650 | _aSAETTI AND FREDIANA CASE | ||
| 690 | _aWASTE MANAGEMENT-CASE LAW | ||
| 700 | _aBoileau, S. | ||
| 856 |
_uhttps://eur-lex.europa.eu/LexUriServ/LexUriServ.do?uri=CELEX:62002O0235:EN:HTML _zView the "Saetii and Frediani" decision on the European Court of Justice website... |
||
| 942 | _n0 | ||
| 999 |
_c74359 _d74359 |
||